[Event "China zt 3.5 2014"]
[Site "Zhongshan CHN"]
[Date "2014.11.01"]
[Round "7.8"]
[White "Yuan, Qingyu"]
[Black "Wan, Yunguo"]
[Result "1/2-1/2"]
[BlackTitle "IM"]
[WhiteElo "2358"]
[BlackElo "2489"]
[WhiteFideId "8609772"]
[BlackFideId "8603189"]
[EventDate "2014.10.26"]

1. e4 e6 2. d4 d5 3. exd5 exd5 4. Bd3 Bd6 5. Ne2 Ne7 6. Bf4 O-O 7. O-O Bg4 8.
Qd2 Nbc6 9. c3 Re8 10. Bxd6 Qxd6 11. Qf4 Qxf4 1/2-1/2

[Event "China zt 3.5 2014"]
[Site "Zhongshan CHN"]
[Date "2014.11.01"]
[Round "7.9"]
[White "Wang, Jue"]
[Black "Ma, Zhonghan"]
[Result "1/2-1/2"]
[WhiteTitle "WGM"]
[WhiteElo "2353"]
[BlackElo "2471"]
[WhiteFideId "8604070"]
[BlackFideId "8607206"]
[EventDate "2014.10.26"]

1. e4 e5 2. Nf3 Nc6 3. Bb5 Nf6 4. d3 Bc5 5. O-O Nd4 6. Nxd4 Bxd4 7. c3 Bb6 8.
Na3 c6 9. Ba4 O-O 10. Bg5 h6 11. Bh4 Bc7 12. Bb3 a5 13. Kh1 b5 14. d4 d6 15. Bc2
g5 16. Bg3 Bg4 17. f3 Bd7 18. Nb1 Nh5 19. Bf2 Nf4 20. a4 Qe7 21. Nd2 Rfd8 22.
Re1 bxa4 23. Rxa4 c5 24. Ra1 cxd4 25. cxd4 Bb5 26. Nb1 Bb6 27. Nc3 Bc6 28. Qd2
Qa7 1/2-1/2

[Event "China zt 3.5 2014"]
[Site "Zhongshan CHN"]
[Date "2014.11.01"]
[Round "7.10"]
[White "Lin, Chen"]
[Black "Xu, Xiangyu"]
[Result "1/2-1/2"]
[WhiteTitle "IM"]
[WhiteElo "2463"]
[BlackElo "2152"]
[WhiteFideId "8602298"]
[BlackFideId "8608288"]
[EventDate "2014.10.26"]

1. e4 e5 2. Nf3 Nc6 3. Bb5 f5 4. d3 fxe4 5. dxe4 Nf6 6. Qe2 Bc5 7. Bxc6 bxc6 8.
Nxe5 Qe7 9. Nd3 Ba6 10. O-O O-O 11. Nc3 Bd4 12. Bd2 Bxc3 13. Bxc3 Qxe4 14. Qxe4
Nxe4 15. Ba5 Rac8 16. Rfe1 Bxd3 17. cxd3 Nf6 18. Re7 Rf7 1/2-1/2

[Event "China zt 3.5 2014"]
[Site "Zhongshan CHN"]
[Date "2014.11.01"]
[Round "7.11"]
[White "Fang, Yan"]
[Black "Liu, Yan"]
[Result "0-1"]
[WhiteElo "2267"]
[BlackElo "2364"]
[WhiteFideId "8604746"]
[BlackFideId "8608962"]
[EventDate "2014.10.26"]

1. e4 c5 2. Nf3 e6 3. d4 cxd4 4. Nxd4 Nc6 5. Nc3 Qc7 6. g3 a6 7. Bg2 Nf6 8. O-O
Be7 9. Re1 Nxd4 10. Qxd4 d6 11. e5 dxe5 12. Rxe5 O-O 13. Bf4 Bd6 14. Rd1 Ne8 15.
Ne4 Bxe5 16. Bxe5 Qxc2 17. Bxg7 Nxg7 18. Nf6+ Kh8 19. Qd6 Bd7 20. Be4 Qe2 21.
Qxd7 Nh5 22. Qd4 Rad8 23. Nd7+ e5 24. Qd3 Qxd3 25. Rxd3 Rxd7 0-1

[Event "China zt 3.5 2014"]
[Site "Zhongshan CHN"]
[Date "2014.11.01"]
[Round "7.12"]
[White "Jia, Haoxiang"]
[Black "Xu, Minghui"]
[Result "0-1"]
[WhiteTitle "IM"]
[WhiteElo "2424"]
[BlackElo "2140"]
[WhiteFideId "8602999"]
[BlackFideId "8606790"]
[EventDate "2014.10.26"]

1. Nf3 Nf6 2. c4 g6 3. Nc3 Bg7 4. g3 d5 5. cxd5 Nxd5 6. h4 Nxc3 7. bxc3 h6 8.
Bg2 O-O 9. Rb1 Nc6 10. Qa4 Qd7 11. O-O b6 12. h5 gxh5 13. Qb5 e5 14. Nh4 Bb7 15.
e4 Rfd8 16. Re1 Ne7 17. Qb3 Bf6 18. Re3 Bg5 19. Rf3 Qe6 20. Qc2 Qc6 21. d3 Bc8
22. Ba3 Bg4 23. Bxe7 Bxe7 24. Nf5 Bg5 25. Re3 Qf6 26. Ree1 h4 27. Rf1 h3 28. Bh1
Kh8 29. Kh2 Rg8 30. d4 Bxf5 31. dxe5 Qxe5 32. f4 Bxf4 33. gxf4 Qg7 34. Rg1 Bg4
35. e5 Rad8 36. Be4 h5 37. Qf2 Qh6 38. Rbf1 Qe6 39. Kh1 Rd7 40. Qh4 Rd2 41. Rf2
Rxf2 42. Qxf2 f5 43. Bc2 Qd5+ 44. Kh2 Qxa2 45. Re1 Bd1 46. Rxd1 Rg2+ 47. Qxg2
hxg2 48. Rd2 Qc4 49. Kxg2 Qxf4 50. Re2 Qg5+ 51. Kf2 f4 52. Kf3 Qg4+ 53. Kf2 Qg3+
54. Kf1 f3 55. Rf2 Qxe5 0-1

[Event "China zt 3.5 2014"]
[Site "Zhongshan CHN"]
[Date "2014.11.01"]
[Round "7.13"]
[White "Liu, Guanchu"]
[Black "Xiang, Zeyu"]
[Result "1-0"]
[WhiteTitle "IM"]
[WhiteElo "2409"]
[BlackElo "2107"]
[WhiteFideId "8603901"]
[BlackFideId "8608547"]
[EventDate "2014.10.26"]

1. e4 c5 2. Nf3 e6 3. d4 cxd4 4. Nxd4 Nc6 5. Nc3 Qc7 6. Be3 a6 7. Qf3 Bd6 8.
Nxc6 bxc6 9. O-O-O Be5 10. Bd4 Bxd4 11. Rxd4 Ne7 12. Qg3 Qxg3 13. hxg3 d5 14.
Na4 e5 15. Rd2 dxe4 16. Nb6 Ra7 17. Nc4 O-O 18. Nxe5 Be6 19. Rd6 Bd5 20. c4 Nf5
21. Rd7 Rxd7 22. Nxd7 Rd8 23. Nc5 e3 24. cxd5 Rxd5 25. Ne4 exf2 26. Bxa6 Ra5 27.
Bd3 Rxa2 28. Nxf2 Nd4 29. Bxh7+ Kf8 30. Bd3 1-0

[Event "China zt 3.5 2014"]
[Site "Zhongshan CHN"]
[Date "2014.11.01"]
[Round "7.14"]
[White "Lei, Tingjie"]
[Black "Zhao, Zhouqiao CHN"]
[Result "1/2-1/2"]
[WhiteTitle "WGM"]
[BlackTitle "FM"]
[WhiteElo "2421"]
[BlackElo "2228"]
[WhiteFideId "8605114"]
[BlackFideId "8608342"]
[EventDate "2014.10.26"]

1. d4 d6 2. Nf3 Nf6 3. c4 Bf5 4. Nc3 Nbd7 5. g3 Ne4 6. Qd3 Nxg3 7. e4 Bxe4 8.
Nxe4 Nxh1 9. Bg2 Nxf2 10. Nxf2 e6 11. Bd2 c6 12. O-O-O Be7 13. h4 h6 14. Bh3 Qc7
15. Rg1 Bf8 16. Kb1 O-O-O 17. d5 Kb8 18. dxc6 Qxc6 19. Nd4 Qb6 20. Be3 Nc5 21.
Qe2 a6 22. Nb3 Qc7 23. Nxc5 dxc5 24. Qf3 g6 25. Ne4 f5 26. Nc3 g5 27. hxg5 hxg5
28. Bxg5 Be7 29. Bc1 Rdg8 30. Rxg8+ Rxg8 31. Bg2 Bg5 32. Bxg5 Rxg5 33. a3 Rg7
34. Bf1 Qe5 35. Ka2 Rg3 36. Qh5 Ka7 37. Qf7 Rg7 38. Qe8 Qd6 39. Be2 Re7 40. Qf8
Rd7 41. Qf6 Qe7 42. Qe5 Qd6 43. Qe3 Re7 44. Na4 Qd4 45. Qb3 Qd6 46. Qe3 Qd4 47.
Qb3 Qd6 48. Bf3 e5 49. Bd5 e4 50. Nc3 e3 51. Ne2 f4 52. a4 Qe5 53. Bf3 Rd7 54.
a5 Qc7 55. Qb6+ Qxb6 56. axb6+ Kxb6 57. Nxf4 Rf7 58. Nd5+ Ka5 59. Bg4 b5 60.
Nxe3 Re7 61. Nd5 Re4 62. Bc8 Rxc4 63. Kb1 Rd4 64. Bb7 Rg4 65. Kc2 Rg7 66. Bc8
Rg5 67. Bb7 Rg7 68. Bc8 Rg8 69. Bb7 Rg2+ 70. Kc3 Rg3+ 71. Kc2 c4 72. Bc8 Rg8 73.
Bb7 Rg7 74. Bc6 Rg6 75. Bb7 Rg2+ 76. Kc3 Rg3+ 77. Kc2 b4 78. Bc6 Rg2+ 79. Kc1
Re2 80. Kd1 Re6 81. Bb7 Ka4 82. Kc2 Re2+ 83. Kc1 Kb3 84. Bxa6 Re6 85. Bc8 Re1+
86. Kd2 Rb1 87. Be6 Rxb2+ 88. Ke3 c3 89. Nb6+ Kc2 90. Kd4 Rb1 91. Bf5+ Kc1 92.
Nd5 c2 93. Ne3 Rb2 94. Kc4 b3 95. Kc3 Kb1 96. Be4 1/2-1/2

[Event "China zt 3.5 2014"]
[Site "Zhongshan CHN"]
[Date "2014.11.01"]
[Round "7.15"]
[White "Zhang, Xiaopeng"]
[Black "Yang, Jie"]
[Result "1-0"]
[WhiteElo "2228"]
[BlackElo "2325"]
[WhiteFideId "8604037"]
[BlackFideId "8602336"]
[EventDate "2014.10.26"]

1. e4 e5 2. Nf3 Nc6 3. Bb5 Nf6 4. d3 Bc5 5. c3 O-O 6. Bxc6 bxc6 7. Nxe5 d5 8. d4
Bb6 9. exd5 Qxd5 10. Qf3 Qxf3 11. Nxf3 Re8+ 12. Be3 c5 13. O-O Ng4 14. Nbd2 cxd4
15. Bxd4 c5 16. Rfe1 Rxe1+ 17. Rxe1 Be6 18. Be3 Rd8 19. Bg5 Rd3 20. h3 h6 21.
Be7 Nf6 22. Nb3 Nd7 23. Nc1 Rd5 24. c4 Rh5 25. b3 a5 26. Bd6 a4 27. Ne2 Ba5 28.
Rd1 Rf5 29. Ng3 Rf6 30. Ne4 Rf5 31. Rd3 axb3 32. axb3 h5 33. g4 hxg4 34. hxg4
Rxf3 35. Rxf3 Bxg4 36. Rg3 f5 37. Nxc5 Nf6 38. Re3 1-0

[Event "China zt 3.5 2014"]
[Site "Zhongshan CHN"]
[Date "2014.11.01"]
[Round "7.16"]
[White "Li, Hanbin"]
[Black "Lan, Zilun"]
[Result "1/2-1/2"]
[WhiteElo "2257"]
[BlackElo "2147"]
[WhiteFideId "8602670"]
[BlackFideId "8604193"]
[EventDate "2014.10.26"]

1. e4 e5 2. f4 d5 3. exd5 Qxd5 4. Nc3 Qe6 5. fxe5 Qxe5+ 6. Be2 Bg4 7. d4 Qe6 8.
Bf4 Na6 9. d5 Qe7 10. d6 cxd6 11. Qd4 Bxe2 12. Ngxe2 Nf6 13. O-O-O Qd7 14. Qe3+
Qe6 15. Qf3 Qd7 16. Qe3+ Qe6 17. Qf3 Qd7 18. Qe3+ 1/2-1/2

[Event "China zt 3.5 2014"]
[Site "Zhongshan CHN"]
[Date "2014.11.01"]
[Round "7.17"]
[White "Fang, Yuxiang"]
[Black "Huang, Zhi"]
[Result "1-0"]
[WhiteElo "2325"]
[BlackElo "2107"]
[WhiteFideId "8605840"]
[BlackFideId "8608920"]
[EventDate "2014.10.26"]

1. d4 d5 2. Nf3 c6 3. c4 Nf6 4. Nc3 dxc4 5. a4 Bf5 6. Ne5 Nbd7 7. Nxc4 Nb6 8.
Ne3 Bg6 9. a5 Nbd5 10. Nexd5 Nxd5 11. f3 e5 12. e4 Nb4 13. d5 Bc5 14. a6 bxa6
15. Na4 Bd4 16. Bd2 c5 17. Nxc5 Bxc5 18. Qa4+ Ke7 19. Bxb4 Qb6 20. Bxc5+ Qxc5
21. Qa3 Qxa3 22. Rxa3 Rab8 23. Bxa6 f5 24. Bd3 fxe4 25. Rxa7+ Kd6 26. Bxe4 Bxe4
27. fxe4 Rb4 28. O-O Rxe4 29. Rxg7 Kxd5 30. Rd1+ Kc4 31. Ra7 Kb3 32. Rd2 Rf8 33.
Ra3+ Kb4 34. Rf3 Rxf3 35. gxf3 Rf4 36. Kf2 Kb3 37. Kg3 h5 38. h4 Rf5 39. Re2 Kb4
40. Rc2 Kb3 41. Rd2 Rf8 42. Rd5 Re8 43. Kf2 e4 44. Rxh5 e3+ 45. Ke2 Kxb2 46. Rc5
Kb3 47. h5 Re6 48. f4 Kb4 49. Re5 Rc6 50. Kxe3 Rc3+ 51. Ke4 Rh3 52. Rg5 Kc4 53.
Kf5 Rh1 54. Kg6 1-0

[Event "China zt 3.5 2014"]
[Site "Zhongshan CHN"]
[Date "2014.11.01"]
[Round "7.18"]
[White "Bao, Qilin"]
[Black "Lin, Yi"]
[Result "1-0"]
[WhiteElo "2249"]
[BlackElo "2013"]
[WhiteFideId "8605750"]
[BlackFideId "8609659"]
[EventDate "2014.10.26"]

1. e4 c5 2. Nf3 e6 3. b3 b6 4. d4 cxd4 5. Nxd4 Bb7 6. Nb5 d5 7. exd5 a6 8. N5c3
exd5 9. Bd3 Nf6 10. O-O Be7 11. Re1 O-O 12. Bb2 Nbd7 13. Nd2 Nc5 14. Bf5 Bd6 15.
Nf3 Re8 16. Qd4 Bf8 17. Rxe8 Nxe8 18. Re1 Nf6 19. Na4 Nxa4 20. Qxa4 g6 21. Bh3
Bg7 22. Ne5 Qc7 23. Nxf7 b5 24. Qh4 Ne4 25. Bxg7 Qxf7 26. Bd4 Re8 27. f3 Nd6 28.
Rxe8+ Nxe8 29. Kf2 Bc6 30. Qg5 Bd7 31. Qe5 Ng7 32. Bxd7 Qxd7 33. Qxg7+ Qxg7 34.
Bxg7 Kxg7 35. Ke3 Kf6 36. Kd4 Ke6 37. f4 1-0

[Event "China zt 3.5 2014"]
[Site "Zhongshan CHN"]
[Date "2014.11.01"]
[Round "7.19"]
[White "Li, Di"]
[Black "Peng, Hongchi"]
[Result "1-0"]
[WhiteTitle "FM"]
[WhiteElo "2189"]
[BlackElo "2144"]
[WhiteFideId "8607508"]
[BlackFideId "8609047"]
[EventDate "2014.10.26"]

1. d4 Nf6 2. c4 g6 3. Nc3 d6 4. e4 Bg7 5. Nf3 O-O 6. Be2 e5 7. O-O Nc6 8. dxe5
dxe5 9. Bg5 Be6 10. Nd5 Re8 11. Qb3 Bxd5 12. cxd5 Na5 13. Qa3 c6 14. b4 cxd5 15.
bxa5 dxe4 16. Rfd1 Qc8 17. Nd2 e3 18. Bxe3 e4 19. Nc4 Qb8 20. Rac1 h5 21. Qb3
Bf8 22. h3 Re6 23. Rb1 b6 24. a4 h4 25. axb6 axb6 26. Nxb6 Ra7 27. Bc4 Rd6 28.
Rxd6 Bxd6 29. Nd5 1-0

[Event "China zt 3.5 2014"]
[Site "Zhongshan CHN"]
[Date "2014.11.01"]
[Round "7.20"]
[White "Zhang, Ziji"]
[Black "Nie, Xinyang"]
[Result "1-0"]
[WhiteElo "2190"]
[BlackElo "1911"]
[WhiteFideId "8609470"]
[BlackFideId "8607222"]
[EventDate "2014.10.26"]

1. d4 d5 2. c4 e6 3. Nc3 Nf6 4. Nf3 c6 5. e3 Nbd7 6. Qc2 Bd6 7. Be2 O-O 8. O-O
e5 9. cxd5 Nxd5 10. Nxd5 cxd5 11. dxe5 Nxe5 12. Rd1 Be6 13. Bd2 Rc8 14. Qa4 Bg4
15. Bc3 Nxf3+ 16. gxf3 Rc4 17. Bxc4 Bxf3 18. Bd3 Qg5+ 19. Kf1 Bxh2 20. Ke1 Bg3
21. fxg3 Qxe3+ 22. Kf1 Bxd1 23. Rxd1 Qxg3 24. Rd2 f5 25. Qd4 Re8 26. Rg2 Qf3+
27. Kg1 Qd1+ 28. Bf1 Qxd4+ 29. Bxd4 g6 30. Re2 Re4 31. Rxe4 dxe4 32. Bc4+ Kf8
33. Kf2 a6 34. Ke3 1-0

[Event "China zt 3.5 2014"]
[Site "Zhongshan CHN"]
[Date "2014.11.01"]
[Round "7.21"]
[White "Wang, Jiaqi"]
[Black "Yu, Xiangbo"]
[Result "0-1"]
[WhiteElo "1844"]
[BlackElo "2149"]
[WhiteFideId "8609128"]
[BlackFideId "8603782"]
[EventDate "2014.10.26"]

1. e4 c5 2. Nf3 d6 3. d4 cxd4 4. Nxd4 Nf6 5. Nc3 a6 6. Be2 e6 7. O-O Qc7 8. a4
b6 9. f4 Bb7 10. Bf3 Nbd7 11. Re1 e5 12. Nf5 g6 13. Ne3 exf4 14. Ned5 Nxd5 15.
Nxd5 Bxd5 16. Qxd5 Qc5+ 17. Qxc5 dxc5 18. Bxf4 Bg7 19. e5 O-O-O 20. Rad1 Rhe8
21. Bg4 f5 22. exf6 Rxe1+ 23. Rxe1 Bxf6 24. c3 h5 25. Be6 Re8 26. Kf2 Kd8 27.
Bf7 Rf8 28. Bxg6 Bh4+ 29. g3 Rxf4+ 0-1

[Event "China zt 3.5 2014"]
[Site "Zhongshan CHN"]
[Date "2014.11.01"]
[Round "7.22"]
[White "Wu, Xibin"]
[Black "Chen, Qi b"]
[Result "0-1"]
[WhiteTitle "IM"]
[WhiteElo "2278"]
[BlackElo "1925"]
[WhiteFideId "8600309"]
[BlackFideId "8614733"]
[EventDate "2014.10.26"]

1. d4 Nf6 2. c4 g6 3. Nc3 Bg7 4. e4 d6 5. Nf3 O-O 6. Be2 e5 7. O-O Nc6 8. d5 Ne7
9. Ne1 Nd7 10. f3 f5 11. g4 f4 12. Nd3 Nf6 13. Kg2 h5 14. h3 hxg4 15. hxg4 Nh7
16. Bd2 Ng5 17. c5 Bd7 18. Qb3 Qc8 19. cxd6 cxd6 20. Nf2 Qd8 21. a4 Rb8 22. Bb5
Rf7 23. Rfc1 Nc8 24. a5 Bf6 25. Bxd7 Rxd7 26. Nb5 Nf7 27. Rc2 a6 28. Na3 Bh4 29.
Rh1 Bg3 30. Nc4 Rc7 31. Nd3 Na7 32. Bc3 Rbc8 33. Nb6 Rb8 34. Rcc1 Nb5 35. Nc4
Rbc8 36. Na3 Nd4 37. Bxd4 Rxc1 38. Nxc1 exd4 39. Nd3 Qxa5 40. Nc4 Qc7 41. Rc1
Qe7 42. Qb6 Qh4 43. Rh1 Qe7 44. b3 Qc7 45. Rc1 Qxb6 46. Nxb6 Rc3 47. Rxc3 dxc3
48. Kf1 Ng5 49. Ke2 Nh3 50. e5 Ng1+ 51. Kd1 Nxf3 52. exd6 Nd4 53. d7 Bh4 54. d6
f3 55. Nd5 c2+ 56. Kd2 Kf7 57. Kc3 f2 58. Ne3 Bf6 59. Kd2 Bg5 60. Kc3 Nc6 61.
Kxc2 Bxe3 62. Ne5+ Ke6 63. Nxc6 Kxd7 0-1

[Event "China zt 3.5 2014"]
[Site "Zhongshan CHN"]
[Date "2014.11.01"]
[Round "7.23"]
[White "Xu, Zhihang"]
[Black "Teng, Jiarong"]
[Result "1-0"]
[WhiteElo "2119"]
[BlackElo "2092"]
[WhiteFideId "8611572"]
[BlackFideId "8609977"]
[EventDate "2014.10.26"]

1. Nf3 Nf6 2. c4 e6 3. g3 d5 4. d4 a6 5. Bg2 dxc4 6. O-O Nbd7 7. Qc2 c5 8. dxc5
Bxc5 9. Nbd2 O-O 10. Nxc4 b5 11. Nce5 Qc7 12. Be3 Bd6 13. Qxc7 Bxc7 14. Rac1 Nd5
15. Nc6 Re8 16. Bd4 Bb6 17. Rfd1 Bb7 18. Bxb6 N5xb6 19. Nfd4 Nf6 20. Nb3 Rac8
21. Nba5 Ba8 22. Ne7+ Rxe7 23. Rxc8+ Nxc8 24. Bxa8 Nb6 25. Bb7 Nbd5 26. f3 g5
27. e4 Nc7 28. Rd8+ Kg7 29. Nc6 Re8 30. e5 Nfd5 31. Rd7 Kg6 32. Kf2 h6 33. Ke2
f6 34. Kd3 Rf8 35. Kd4 fxe5+ 36. Nxe5+ Kh5 37. g4+ Kh4 38. Ng6+ 1-0

[Event "China zt 3.5 2014"]
[Site "Zhongshan CHN"]
[Date "2014.11.01"]
[Round "7.25"]
[White "Yang, Yanqing"]
[Black "Liu, Zhaoqi"]
[Result "0-1"]
[WhiteElo "1992"]
[BlackElo "2073"]
[WhiteFideId "8613575"]
[BlackFideId "8609381"]
[EventDate "2014.10.26"]

1. e4 e6 2. d4 d5 3. exd5 exd5 4. Nf3 Bd6 5. Bd3 Nc6 6. O-O Nge7 7. h3 O-O 8. c3
Bf5 9. Bg5 Qd7 10. Re1 f6 11. Be3 Rae8 12. Nh4 Be4 13. b3 Kh8 14. c4 Bb4 15. Rf1
g5 16. Nf3 b6 17. a3 Bd6 18. c5 Bf4 19. Nc3 Nf5 20. Bxf4 gxf4 21. cxb6 Rg8 22.
Re1 Rxg2+ 23. Kf1 Rgg8 24. Nxe4 dxe4 25. Rxe4 Nfxd4 26. Nxd4 Qxh3+ 27. Ke2 Nxd4+
28. Kd2 Rxe4 0-1

[Event "China zt 3.5 2014"]
[Site "Zhongshan CHN"]
[Date "2014.11.01"]
[Round "7.26"]
[White "Shen, Chenyi"]
[Black "Zhou, Xiangheng"]
[Result "1-0"]
[WhiteElo "2066"]
[BlackElo "1682"]
[WhiteFideId "8609071"]
[BlackFideId "8607907"]
[EventDate "2014.10.26"]

1. e4 c5 2. Nf3 d6 3. Bb5+ Bd7 4. Bxd7+ Qxd7 5. c4 Nf6 6. Nc3 g6 7. d4 cxd4 8.
Nxd4 Bg7 9. f3 Nc6 10. Be3 Rc8 11. b3 O-O 12. Rc1 Ne8 13. Nde2 f5 14. O-O Nf6
15. exf5 gxf5 16. Qd2 Kh8 17. Nd5 e6 18. Nxf6 Bxf6 19. Rcd1 Rcd8 20. Nf4 Qf7 21.
Kh1 Rg8 22. Qf2 a6 23. g3 Bg5 24. Ng2 Bf6 25. Bb6 Rd7 26. Rfe1 Bd8 27. Be3 e5
28. f4 Ba5 29. Rf1 Rf8 30. Rd5 Bc3 31. Rfd1 Rfd8 32. Bb6 Bd4 33. Bxd4 exd4 34.
Nh4 Ne7 35. R5xd4 Nc6 36. Rd5 Ne7 37. R5d2 d5 38. Nf3 Nc6 39. Ng5 Qg8 40. cxd5
Rxd5 41. Rxd5 Rxd5 42. Qb2+ 1-0

[Event "China zt 3.5 2014"]
[Site "Zhongshan CHN"]
[Date "2014.11.01"]
[Round "7.27"]
[White "Yan, Xuesong"]
[Black "Luanchen, Yuantai"]
[Result "1-0"]
[WhiteElo "1900"]
[BlackElo "1510"]
[WhiteFideId "8609764"]
[BlackFideId "8614644"]
[EventDate "2014.10.26"]

1. e4 e5 2. Nf3 Nc6 3. Nc3 Nf6 4. d4 d6 5. Bc4 Bg4 6. d5 Nd4 7. Be3 Nxf3+ 8.
gxf3 Bd7 9. Qd2 a6 10. O-O-O b5 11. Bd3 b4 12. Ne2 a5 13. Kb1 Qb8 14. f4 a4 15.
fxe5 dxe5 16. f4 b3 17. fxe5 Ng4 18. Bd4 c5 19. dxc6 Be6 20. Nf4 Nxe5 21. Nxe6
fxe6 22. Bxe5 Qxe5 23. cxb3 axb3 24. axb3 Bc5 25. Rhf1 Rb8 26. Qc2 Rb6 27. Bc4
Be7 28. Qd3 1-0

[Event "China zt 3.5 2014"]
[Site "Zhongshan CHN"]
[Date "2014.11.02"]
[Round "8.2"]
[White "Zhou, Jianchao"]
[Black "Zhao, Jun"]
[Result "1/2-1/2"]
[WhiteTitle "GM"]
[BlackTitle "GM"]
[WhiteElo "2580"]
[BlackElo "2578"]
[WhiteFideId "8603537"]
[BlackFideId "8602522"]
[EventDate "2014.10.26"]

1. c4 e5 2. a3 g6 3. b4 a5 4. Bb2 Bg7 5. Nc3 axb4 6. axb4 Rxa1 7. Bxa1 Ne7 8. e3
d5 9. cxd5 Nxd5 10. Qb3 Nb6 11. Nf3 O-O 12. Be2 e4 13. Nd4 Qg5 14. g3 Qe7 15.
O-O Bh3 16. Re1 N8d7 17. Bb2 1/2-1/2

[Event "China zt 3.5 2014"]
[Site "Zhongshan CHN"]
[Date "2014.11.02"]
[Round "8.3"]
[White "Gao, Rui"]
[Black "Xiu, Deshun"]
[Result "1-0"]
[WhiteTitle "GM"]
[BlackTitle "GM"]
[WhiteElo "2523"]
[BlackElo "2553"]
[WhiteFideId "8602387"]
[BlackFideId "8603693"]
[EventDate "2014.10.26"]

1. e4 e5 2. Nf3 Nc6 3. Bb5 a6 4. Ba4 Nf6 5. O-O Be7 6. Re1 b5 7. Bb3 O-O 8. h3
d6 9. c3 Bb7 10. d4 Re8 11. Nbd2 Bf8 12. a3 h6 13. Ba2 Nb8 14. b4 Nbd7 15. Bb2
exd4 16. Qb3 Re7 17. cxd4 Qe8 18. e5 Nd5 19. Rac1 Rc8 20. Bb1 g6 21. h4 dxe5 22.
dxe5 c5 23. bxc5 Nxc5 24. Rxc5 Rxc5 25. Ne4 Rc4 26. h5 Re6 27. hxg6 fxg6 28.
Nfd2 Rc7 29. Nf3 Rd7 30. Nd4 Rxe5 31. Nf6+ Kf7 32. Rxe5 Qxe5 33. Nf3 Qxf6 34.
Bxf6 Kxf6 35. Qb2+ Ke6 36. Qe5+ Kf7 37. Bxg6+ 1-0

[Event "China zt 3.5 2014"]
[Site "Zhongshan CHN"]
[Date "2014.11.02"]
[Round "8.4"]
[White "Liu, Yan"]
[Black "Zhao, Yuanhe"]
[Result "1-0"]
[WhiteElo "2364"]
[BlackElo "2091"]
[WhiteFideId "8608962"]
[BlackFideId "8609497"]
[EventDate "2014.10.26"]

1. d4 Nf6 2. c4 g6 3. Nc3 d5 4. cxd5 Nxd5 5. e4 Nxc3 6. bxc3 Bg7 7. Bc4 c5 8.
Ne2 O-O 9. O-O Nd7 10. Be3 Qa5 11. Bb3 b6 12. Bd5 Rb8 13. Bf4 e5 14. dxe5 Nxe5
15. Bg5 Ba6 16. f4 Ng4 17. f5 Ne5 18. Be7 Rfe8 19. Bd6 Rbd8 20. fxg6 hxg6 21.
Bxe5 Bxe5 22. Rxf7 Bxe2 23. Re7+ Kh8 24. Rxe8+ Rxe8 25. Qxe2 Qxc3 26. Rf1 Bxh2+
27. Kxh2 Qe5+ 28. g3 Qxd5 29. Rf8+ 1-0

[Event "China zt 3.5 2014"]
[Site "Zhongshan CHN"]
[Date "2014.11.02"]
[Round "8.5"]
[White "Wang, Yiye"]
[Black "Liu, Guanchu"]
[Result "1-0"]
[WhiteTitle "IM"]
[BlackTitle "IM"]
[WhiteElo "2422"]
[BlackElo "2409"]
[WhiteFideId "8606021"]
[BlackFideId "8603901"]
[EventDate "2014.10.26"]

1. e4 e6 2. d4 d5 3. Nd2 Nf6 4. e5 Nfd7 5. Bd3 c5 6. c3 Nc6 7. Ne2 cxd4 8. cxd4
f6 9. exf6 Nxf6 10. O-O Bd6 11. Nf3 O-O 12. Bf4 Bxf4 13. Nxf4 Ng4 14. Qd2 Qf6
15. Nh5 Qh6 16. Qxh6 Nxh6 17. Rac1 Nf5 18. Bxf5 Rxf5 19. Ng3 Rf8 20. Ne5 Nxd4
21. Rc7 Nc6 22. Nxc6 bxc6 23. Rc1 Rf7 24. R1xc6 Bd7 25. Rd6 Be8 26. Rc1 Rb7 27.
Rxe6 Rxb2 28. h4 Rb7 29. Rd6 Rd7 30. Rxd7 Bxd7 31. Rc7 Rd8 32. Ne2 Be8 33. Nd4
Rd7 34. Rc5 Bg6 35. f3 Bd3 36. Nc6 Rc7 37. Rxd5 Rxc6 38. Rxd3 Ra6 39. a3 h5 40.
Kf2 Ra4 41. g3 Kf7 42. Ke3 Kf6 43. Rc3 g6 44. Kd3 Ra5 45. Ke4 Ra4+ 46. Kd3 Ra5
47. Kc4 Re5 48. Kb4 a6 49. Rc6+ Kg7 50. Rxa6 Re3 51. Ra5 Rxf3 52. Rg5 1-0

[Event "China zt 3.5 2014"]
[Site "Zhongshan CHN"]
[Date "2014.11.02"]
[Round "8.6"]
[White "Xu, Yinglun"]
[Black "Chu, Wei Chao"]
[Result "1-0"]
[BlackTitle "IM"]
[WhiteElo "2410"]
[BlackElo "2369"]
[WhiteFideId "8604940"]
[BlackFideId "8605661"]
[EventDate "2014.10.26"]

1. d4 g6 2. e4 Bg7 3. Nf3 d6 4. Nc3 Nf6 5. Be2 O-O 6. O-O c6 7. a4 Qc7 8. Re1
Nbd7 9. h3 Rd8 10. Bg5 h6 11. Be3 b6 12. Qc1 Kh7 13. a5 bxa5 14. Qb1 d5 15. e5
Ne4 16. Qa2 Nxc3 17. bxc3 Nb6 18. Qxa5 Bf5 19. Bd3 Qd7 20. Qc5 Nc4 21. Bxc4 dxc4
22. Qxc4 Qd5 23. Qe2 a5 24. c4 Qe4 25. Ra2 c5 26. d5 e6 27. Qf1 Bxh3 28. Bg5
Qxf3 29. Bxd8 Qf4 30. Bf6 Bxf6 31. exf6 Bf5 32. Rea1 Rd8 33. Rxa5 exd5 34. Rxc5
d4 35. Qe2 Be6 36. Re5 Qxf6 37. c5 Rd7 38. Re1 h5 39. Qe4 Bf5 40. Qf4 Kg7 41.
Re8 Rd5 42. Qb8 Rxc5 43. Rh8 Qc6 44. Qf8+ Kf6 45. Qd8+ Kg7 46. Qxd4+ 1-0

[Event "China zt 3.5 2014"]
[Site "Zhongshan CHN"]
[Date "2014.11.02"]
[Round "8.7"]
[White "Xu, Minghui"]
[Black "Bai, Jinshi"]
[Result "0-1"]
[BlackTitle "IM"]
[WhiteElo "2140"]
[BlackElo "2406"]
[WhiteFideId "8606790"]
[BlackFideId "8602280"]
[EventDate "2014.10.26"]

1. d4 Nf6 2. c4 g6 3. Nc3 d5 4. Bf4 Bg7 5. e3 O-O 6. Nf3 c5 7. dxc5 Ne4 8. Rc1
Nxc3 9. bxc3 Qa5 10. Qb3 dxc4 11. Bxc4 Qxc5 12. Ng5 Qf5 13. Rd1 Nc6 14. Rd5 e5
15. Bd3 Qf6 16. Ne4 Qe6 17. Bg3 Qe7 18. Nc5 b6 19. Qa4 Nb8 20. Nb3 Bb7 21. Bc4
a6 22. Bh4 g5 0-1